Music Quiz

Random Music or Clip Quiz

100 from the 1960s, Volume II (Music Clips) Quiz Stats

 Plays Quiz not verified by Sporcle

Support Sporcle.
Go Orange.
Score 0/100 Timer 20:00
0 Plays Today
Time Song Title % Correct
0:00I'm A Believer
96.4%
0:22Oh, Pretty Woman
95.6%
1:51Respect
94.2%
4:37Mrs Robinson
91.5%
0:38Born To Be Wild
91.2%
2:23The Loco-Motion
88.7%
3:23Good Vibrations
86.7%
9:41The House Of The Rising Sun
86.4%
5:07You Really Got Me
86.1%
4:51I Got You Babe
86%
7:31Light My Fire
85%
6:24Jumpin' Jack Flash
79.2%
5:23I Want You Back
78.7%
1:33Whole Lotta Love
78%
9:24You Can't Hurry Love
77.8%
1:11Somebody To Love
76.5%
4:44Puff The Magic Dragon
73.8%
2:09Under The Boardwalk
73.4%
0:55When A Man Loves A Woman
72.9%
1:27My Boyfriend's Back
71.6%
8:25My Guy
71.2%
5:50Are You Lonesome Tonight?
71%
0:14Rescue Me
70.8%
9:34Fortunate Son
70.3%
9:49Ain't No Mountain High Enough
69.7%
2:48(Sittin' On) The Dock Of The Bay
68.2%
0:48I Only Want To Be With You
67.7%
1:18Mony Mony
67.7%
5:42Reach Out I'll Be There
67.7%
3:56Monday Monday
67.7%
7:49Strawberry Fields Forever
66.7%
6:31King Of The Road
66.4%
12:32Piece Of My Heart
66%
13:52You've Lost That Lovin' Feelin'
63.5%
Time Song Title % Correct
0:07Let's Twist Again
63.1%
5:14Something Stupid
61.9%
10:06Mr Tambourine Man
61.7%
7:14Do Wah Diddy Diddy
61.3%
3:33Please Mister Postman
60.2%
6:57Green Onions
60.2%
12:59Soul Man
58.3%
0:30Aquarius/Let The Sunshine In
55.8%
7:58I Fought The Law
55.6%
10:13(Love Is Like A) Heat Wave
55.3%
1:04Wonderful World
54%
6:39Gloria
54%
11:23For Once In My Life
52.8%
4:59Raindrops Keep Falling On My Head
52.6%
3:05Feeling Good
52.3%
10:40Those Were The Days
52%
10:22Ballad Of The Green Beret
50%
5:59(Your Love Keeps Lifting Me) Higher And Higher
49.9%
6:47Green Green Grass Of Home
48.6%
2:40Surf City
48.5%
7:06In-A-Gadda-Da-Vida
48.1%
13:16You Don't Own Me
45.9%
12:15Windy
44.8%
13:23Papa's Got A Brand New Bag
44.6%
2:57(There's) Always Something There To Remind Me
44.3%
8:51Harper Valley P.T.A.
44%
6:0796 Tears
43.9%
2:16Incense And Peppermints
41.7%
3:48Ode To Billie Joe
41.3%
1:43Tell Laura I Love Her
40.6%
2:00Subterranean Homesick Blues
40%
9:58A World Without Love
38.8%
4:13Misirlou
37.3%
5:33He's A Rebel
32%
Time Song Title % Correct
12:05Needles And Pins
31.8%
12:22Put A Little Love In Your Heart
31.7%
8:58Honey
31.6%
11:39I Started A Joke
31.6%
8:17Simon Says
31.3%
6:14Blue Moon
30.8%
10:32Shop Around
29.8%
9:17Spanish Flea
29.2%
10:57The Sun Ain't Gonna Shine (Anymore)
27.4%
13:32I'm Sorry
26.2%
2:32No Milk Today
25.9%
9:08How Do You Do It?
23.6%
11:07Poetry In Motion
23.2%
12:41My Old Man's A Dustman
22.6%
7:39Twenty Four Hours From Tulsa
21.7%
4:21The Last Waltz
21.4%
3:40He'll Have To Go
21%
13:42Dirty Water
21%
4:04Sunday Morning
20.8%
11:59Kicks
20%
4:28Hello Stranger
17.2%
3:14Have I The Right?
16.1%
13:09Wolverton Mountain
15.6%
11:31Mr Bass Man
15.2%
10:50Speedy Gonzales
14.9%
11:49Right Said Fred
13.6%
8:42Quarter To Three
13.1%
7:22There But For Fortune
12.5%
12:48I Ain't Marching Anymore
10.5%
8:34The Real Thing
8.3%
11:16Kon-Tiki
7.7%
8:07Please Don't Tease
7.5%

You're not logged in!

Compare scores with friends on all Sporcle quizzes.
OR
Log In

From the Vault

LOST: Surnames

by leeann82

We couldn't quite figure out the smoke monster's last name, so we had to leave it off this quiz.
Remove Ads.
Support Sporcle.
Get the best of Sporcle when you Go Orange. This ad-free experience offers more features, more stats, and more fun while also helping to support Sporcle. Thank you for becoming a member.

Show Comments

Extras

Top Quizzes Today


Score Distribution

Your Account Isn't Verified!

In order to create a playlist on Sporcle, you need to verify the email address you used during registration. Go to your Sporcle Settings to finish the process.

Report this User

Report this user for behavior that violates our Community Guidelines.

Details: